| 000 | 01557nam a22004217a 4500 | ||
|---|---|---|---|
| 005 | 20220228091253.0 | ||
| 008 | 220228b mx ||||| |||| 00| 0 spa d | ||
| 020 | _a9789505577569 | ||
| 050 | 0 | 4 |
_aJC255.L33 _bL33 2004 |
| 240 |
_aLaclau. A critical reader. _lEspañol |
||
| 245 | 0 | 0 |
_aLaclau : _baproximaciones críticas a su obra / _ccompilación de Simon Critchley y Oliver Marchart; traducción de Teresa Arijón |
| 250 | _aPrimera edición | ||
| 260 |
_aMéxico : _bFondo de Cultura Económica, _c2008 |
||
| 300 |
_a444 páginas ; _c23 cm |
||
| 600 | 1 | 7 |
_2lemb _aLaclau, Ernesto, _d1935-2014 |
| 650 | 7 |
_2lemb _aCiencias políticas _xFilosofía. |
|
| 650 | 7 |
_2lemb _aTeoría Social |
|
| 700 | 1 |
_aCritchley, Simon, _ecompilador |
|
| 700 | 1 |
_aMarchart, Oliver, _ecompilador |
|
| 700 | 1 |
_aButler, Judith, _ecompilador |
|
| 700 | 1 |
_aConnolly, William E. _ecompilador |
|
| 700 | 1 |
_aDallmayr, Fred, _ecompilador |
|
| 700 | 1 |
_aDevenney, Mark _ecompilador |
|
| 700 | 1 |
_aBech Dyrberg, Torben _ecompilador |
|
| 700 | 1 |
_aGasché, Rodolphe _ecompilador |
|
| 700 | 1 |
_aGlynos, Jason _ecompilador |
|
| 700 | 1 |
_aHowarth, David _ecompilador |
|
| 700 | 1 |
_aLaclau, Ernesto _ecompilador |
|
| 700 | 1 |
_aMarchart, Oliver _ecompilador |
|
| 700 | 1 |
_aMiller, J. Hillis _ecompilador |
|
| 700 | 1 |
_aNorval, Aletta _ecompilador |
|
| 700 | 1 |
_aRiha, Rado _ecompilador |
|
| 700 | 1 |
_aStäheli, Urs _ecompilador |
|
| 700 | 1 |
_aStavrakakis, Yannis _ecompilador |
|
| 700 | 1 |
_aSumic, Jelica _ecompilador |
|
| 700 | 1 |
_aZerilli, Linda M. G. _ecompilador |
|
| 942 |
_2lcc _cLIB |
||
| 999 |
_c160677 _d160675 |
||